00633nam a2200205Ia 450000500170000000800410001702000150005808200130007310000190008624501100010526000360021530000130025165000110026465000130027565000100028865000130029894200060031195200950031799900150041220240822060335.0240331s9999 xx 000 0 und d a906832716X bBURa616 aBurathoki, K.  0aGender,leprosy and leprosy control :ba case study in the Far west and eastern development regions, Nepal aAmsterdambKIT Publishersc2004 a120 p ., aGender aCultural aWomen aEconomic cL 001040708LaWERCLbWERCLcSSCd2024-03-31l0o 616 BURp1955r2024-03-31w2024-03-31yL c3043d3043